| 000 | 01433nam a2200361 a 4500 | ||
|---|---|---|---|
| 001 | ebr10612420 | ||
| 003 | CaPaEBR | ||
| 006 | m u | ||
| 007 | cr cn||||||||| | ||
| 008 | 120919s2012 nyu sb 001 0 eng d | ||
| 010 | _z 2012035731 | ||
| 020 | _z9781433119873 (hardcover : alk. paper) | ||
| 020 | _z9781453909232 (e-book) | ||
| 040 |
_aCaPaEBR _cCaPaEBR |
||
| 035 | _a(OCoLC)823654350 | ||
| 050 | 1 | 4 |
_aPN56.L26 _bH54 2012eb |
| 082 | 0 | 4 |
_a809/.9332 _223 |
| 100 | 1 | _aHighfield, Jonathan Bishop. | |
| 245 | 1 | 0 |
_aImagined topographies _h[electronic resource] : _bfrom colonial resource to postcolonial homeland / _cJonathan Bishop Highfield. |
| 260 |
_aNew York : _bPeter Lang, _c2012. |
||
| 300 | _aviii, 181 p. | ||
| 490 | 1 |
_aPostcolonial studies, _x1942-6100 ; _vv. 20 |
|
| 504 | _aIncludes bibliographical references and index. | ||
| 533 |
_aElectronic reproduction. _bPalo Alto, Calif. : _cebrary, _d2011. _nAvailable via World Wide Web. _nAccess may be limited to ebrary affiliated libraries. |
||
| 650 | 0 | _aLandscapes in literature. | |
| 650 | 0 | _aSetting (Literature) | |
| 650 | 0 | _aGeographical myths in literature. | |
| 650 | 0 | _aPostcolonialism. | |
| 655 | 7 |
_aElectronic books. _2local |
|
| 710 | 2 | _aebrary, Inc. | |
| 830 | 0 |
_aPostcolonial studies ; _vBd. 20. |
|
| 856 | 4 | 0 |
_uhttp://site.ebrary.com/lib/rucke/Doc?id=10612420 _zAn electronic book accessible through the World Wide Web; click to view |
| 999 |
_c103382 _d103382 |
||